LEADER 02213nam a2200397 u 4500 001 000000025576 003 CaOOAMICUS 005 20101011143353.0 008 951006m19241938fr u000 u fre u 035 $a10657909 040 $aMSA$bita$dEFR$dPUL(R) 041 1 $afre$agrc 082 04$a880 100 0 $aPlotinus,$d203/6-270.$0(OLS)http://pul/name/5766 240 10$aEnneades$9(Plotinus, 203/6-270).$lFrancese e greco.$0(OLS)http://pul/title/35226 245 10$aEnnéades /$cPlotin ; texte établi par Emile Bréhier. 260 $aParis :$bLes Belles Lettres,$c1924-1938. 300 $a6 v. in 7 ;$c21 cm 490 1 $aCollection des universités de France 500 $aTesto greco e trad. a fronte, con la stessa numerazione di pagine. 700 1 $aBréhier, Emile,$d1876-1952.$0(OLS)http://pul/name/9234 830 0$aCollection des universités de France.$0(OLS)http://pul/title/1172 850 $aPUL 852 $aPUL$W1$xSL Filosofia 2$y80$mPhil D1 8.1-6$j35743$nBK-PRI$b $qStampati altre collocazioni$B35743$CPULBib$Z2$F35743 $81 852 $aPUL$W1$xSL Filosofia 2$y80$mPhil D1 8.1-6$j35743$nBK-PRI$b $qStampati altre collocazioni$B35744$CPULBib$Z2$F35744 $81 852 $aPUL$W1$xSL Filosofia 2$y80$mPhil D1 8.1-6$j35743$nBK-PRI$b $qStampati altre collocazioni$B35745$CPULBib$Z2$F35745 $81 852 $aPUL$W1$xSL Filosofia 2$y80$mPhil D1 8.1-6$j35743$nBK-PRI$b $qStampati altre collocazioni$B35746$CPULBib$Z2$F35746 $81 852 $aPUL$W1$xSL Filosofia 2$y80$mPhil D1 8.1-6$j35743$nBK-PRI$b $qStampati altre collocazioni$B35747$CPULBib$Z2$F35747 $81 852 $aPUL$W1$xSL Filosofia 2$y80$mPhil D1 8.1-6$j35743$nBK-PRI$b $qStampati altre collocazioni$B35748$CPULBib$Z2$F35748 $81 852 $aPUL$W1$xSL Cons. Gen., Altre Classi 3$y75$m880 COLL 3.PLO.1.4$j141872$nBK-PRI$av. 4$qDDC 21$B35742$CPULBib$Z2$F35742 $H80638 $82 900 $aPlotino,$d203/6-270$95766 941 1 $a9 941 1 $a10 996 $6082$a880$9(OLS)http://pul/classification/674 996 $6245$aEnnéades$9(OLS)http://pul/title/35227 996 $6260$aParis :$bLes Belles Lettres$9(OLS)http://pul/publisher/48357 LEADER 01554nam a2200337 a 4500 001 000000174046 003 CaOOAMICUS 005 20240216111340.0 008 201215s2019 it u000 u ita r 020 $a978-88-98134-41-0* 032 $aLibriCat 040 $aPUL$bita 082 04$a226.2 245 00$aMatteo, un vangelo per ammaestrare : $batti della Settimana Biblica Montecalvo Irpino (AV), 24-28 luglio 2017 /$ca cura di M. Ciccarelli, L. Lepore. 260 $aBenevento :$bNatan Edizioni,$c©2019. 300 $a281 p. ;$c24 cm 440 0$aDum loqueretur ;$v1 504 $aBibliografia in nota. 630 04$aBiblia.$pN.T.$pMatthaeus$xCommenti.$0(OLS)http://pul/subject/37786 700 1 $aLepore, Leonardo,$csacerdote,$d1979-$0(OLS)http://pul/name/95339 700 0 $aCiccarelli, Michele.$0(OLS)http://pul/name/71490 830 0$aDum loqueretur ;$v1.$0(OLS)http://pul/title/215268 850 $aPUL 852 $aPUL$W1$xSL Religione 3$y85$m226. 2 CICMI 1$j198316$qDDC 21$B202932$CPULBib$Z2$F202932 $H134637 $82 941 1 $a9 996 $6020$a978-88-98134-41-0*$9(OLS)http://pul/number/167920 996 $6082$a226.2$9(OLS)http://pul/classification/2035 996 $6245$aMatteo, un vangelo per ammaestrare : $batti della Settimana Biblica Montecalvo Irpino (AV), 24-28 luglio 2017$9(OLS)http://pul/title/215267 996 $6440$aDum loqueretur$9(OLS)http://pul/title/215268 996 $6260$aBenevento :$bNatan Edizioni$9(OLS)http://pul/publisher/87352